Five Punjab centuries: Policy, economy society and culture, i e 1500-1900:Essays for J S Grewal (Record no. 92953)

MARC details
000 -LEADER
fixed length control field 00412nam a2200145Ia 4500
008 - FIXED-LENGTH DATA ELEMENTS--GENERAL INFORMATION
fixed length control field 230917s9999||||xx |||||||||||||| ||und||
040 ## - CATALOGING SOURCE
-- 54842
Original cataloging agency VIVEKANANDA LIBRARY
041 ## - Language
-- English
082 ## - DDC NUMBER
Classification number 954.5 F586F
100 ## - MAIN ENTRY--PERSONAL NAME
Personal name Banga, Indu, ed.
245 #0 - TITLE STATEMENT
Title Five Punjab centuries: Policy, economy society and culture, i e 1500-1900:Essays for J S Grewal
260 ## - PUBLICATION, DISTRIBUTION, ETC. (IMPRINT)
Place of publication, distribution, etc Delhi
Name of publisher, distributor, etc Manohar
Date of publication, distribution, etc 2000
300 ## - PHYSICAL DESCRIPTION
Pages 623 p.
942 ## - ADDED ENTRY ELEMENTS (KOHA)
Koha item type Books
Holdings
Withdrawn status Lost status Damaged status Not for loan Location (home branch) Sublocation or collection (holding branch) Date acquired Koha issues (times borrowed) Koha full call number Accession No. Koha date last seen Koha item type
        VIVEKANANDA LIBRARY VIVEKANANDA LIBRARY 19/12/2002   954.5 F586F 174191 17/09/2023 Books
        VIVEKANANDA LIBRARY VIVEKANANDA LIBRARY 19/12/2002   954.5 F586F 174192 17/09/2023 Books
© Designed and Maintained by Vivekananda Library, MDU Rohtak